[Event "European Rapid 2017"]
[Site "Katowice POL"]
[Date "2017.12.16"]
[Round "2.41"]
[White "Heberla, Bartlomiej"]
[Black "Jurkiewicz, Krzysztof"]
[Result "1/2-1/2"]
[WhiteTitle "GM"]
[WhiteElo "2555"]
[BlackElo "2040"]
[WhiteFideId "1115120"]
[BlackFideId "1103270"]
[EventDate "2017.12.16"]

1. e4 c5 2. Nf3 d6 3. d4 cxd4 4. Nxd4 Nf6 5. Nc3 g6 6. f4 Nfd7 7. Be2 Bg7 8. Be3
Nc6 9. Nb3 O-O 10. O-O Nb6 11. Qe1 f5 12. exf5 Bxf5 13. Qd2 Rc8 14. Rad1 Kh8 15.
Nd4 Nxd4 16. Bxd4 Qc7 17. Bxg7+ Kxg7 18. g4 Qc5+ 19. Kg2 Bd7 20. Qd4+ Qxd4 21.
Rxd4 Bc6+ 22. Kg3 Nd7 23. Bc4 Nf6 24. Be6 Rc7 25. Re1 b5 26. Re2 a5 27. a3 Rb8
28. Bb3 Kf8 29. h4 b4 30. axb4 Rxb4 31. Red2 Ne4+ 32. Nxe4 Bxe4 33. Rxb4 axb4
34. Kf2 h5 35. Ke3 d5 36. gxh5 gxh5 37. Rd4 Bxc2 38. Bxd5 b3 39. Bf3 Bg6 40. Rb4
Bf7 41. Bd1 Rc1 42. Rd4 Kg7 43. Kd2 Ra1 44. Bf3 Rb1 45. Kc3 Rc1+ 46. Kb4 Rc2 47.
Ka3 Rh2 48. Bd5 1/2-1/2

[Event "European Rapid 2017"]
[Site "Katowice POL"]
[Date "2017.12.16"]
[Round "2.42"]
[White "Helshani, Sheremet"]
[Black "Hracek, Zbynek"]
[Result "0-1"]
[BlackTitle "GM"]
[WhiteElo "2035"]
[BlackElo "2592"]
[WhiteFideId "22100601"]
[BlackFideId "300071"]
[EventDate "2017.12.16"]

1. e4 c5 2. Nf3 e6 3. d4 cxd4 4. Nxd4 a6 5. Nc3 b5 6. Be3 Bb7 7. f3 Nf6 8. Qd2
b4 9. Na4 d5 10. e5 Nfd7 11. f4 Nc6 12. Nb3 Qc7 13. Bd3 Be7 14. O-O-O O-O 15.
Qf2 Na5 16. Kb1 Nc4 17. Bc5 Nxc5 18. Nbxc5 Bc6 19. Qe2 Bb5 20. Bxc4 dxc4 21. Qe3
Rac8 22. Rd6 Bxa4 23. Nxa4 Bxd6 24. exd6 Qxd6 0-1

[Event "European Rapid 2017"]
[Site "Katowice POL"]
[Date "2017.12.16"]
[Round "2.43"]
[White "Krasenkow, Michal"]
[Black "Walther, Cliff"]
[Result "1-0"]
[WhiteTitle "GM"]
[WhiteElo "2671"]
[BlackElo "2162"]
[WhiteFideId "1113100"]
[BlackFideId "4616693"]
[EventDate "2017.12.16"]

1. e4 c5 2. Nc3 Nc6 3. g3 g6 4. Bg2 Bg7 5. d3 e6 6. Be3 Nd4 7. Nce2 Qb6 8. c3
Nxe2 9. Nxe2 Nf6 10. b4 d6 11. bxc5 dxc5 12. Qa4+ Bd7 13. Qa3 Rc8 14. O-O a6 15.
Rab1 Qc7 16. d4 Ng4 17. Bf4 e5 18. dxe5 Nxe5 19. Bxe5 Bxe5 20. f4 Bg7 21. e5 Rb8
22. c4 Be6 23. Bd5 Bh3 24. Rfe1 O-O 25. Nc3 g5 26. Ne4 gxf4 27. gxf4 Bf5 28. Rb3
Bxe4 29. Rxe4 b5 30. Rg3 bxc4 31. f5 Kh8 32. f6 Bh6 33. Re1 Rg8 34. Qf3 Bd2 35.
Re2 c3 36. Qf5 Rxg3+ 37. hxg3 Qc8 38. e6 fxe6 39. Bxe6 Qd8 40. Rh2 Qd4+ 41. Kg2
Bh6 42. Bb3 Rf8 43. Bc2 Rf7 44. Qc8+ Rf8 45. Qb7 Rf7 46. Qc8+ Rf8 47. Qb7 1-0

[Event "European Rapid 2017"]
[Site "Katowice POL"]
[Date "2017.12.16"]
[Round "2.44"]
[White "Gondzik, Dawid"]
[Black "Mastrovasilis, Dimitrios"]
[Result "0-1"]
[BlackTitle "GM"]
[WhiteElo "2107"]
[BlackElo "2582"]
[WhiteFideId "1127756"]
[BlackFideId "4202694"]
[EventDate "2017.12.16"]

1. d4 d5 2. c4 e6 3. Nc3 c6 4. Nf3 dxc4 5. a4 Bb4 6. e4 b5 7. Be2 Bb7 8. O-O a6
9. Qc2 Nd7 10. Bf4 Ngf6 11. e5 Nd5 12. Bd2 Be7 13. Ne4 h6 14. b3 cxb3 15. Qxb3
b4 16. a5 c5 17. dxc5 Nxc5 18. Nxc5 Bxc5 19. Qa4+ Qd7 20. Qxd7+ Kxd7 21. Rab1
Rhc8 22. Rfc1 Be7 23. Nd4 Rxc1+ 24. Rxc1 Rc8 25. Rxc8 Kxc8 26. Bc4 Kd7 27. Nc2
Nc3 28. Kf1 Kc7 29. f3 Bc5 30. Bxc3 bxc3 31. Ke2 Bg1 32. h3 Bh2 33. Kd3 Bxe5 34.
Ne3 Kc6 35. Ng4 Bc7 36. Kxc3 Bxa5+ 37. Kd3 Bc7 38. Ne3 a5 39. Nc2 Kc5 40. Bb3
Be5 41. Ba4 Ba6+ 42. Ke4 Bb2 43. Be8 f5+ 44. Ke3 Bc1+ 45. Kf2 Bd3 46. Ne3 Bb5
47. Bf7 Kd6 48. Nc2 Bb2 49. Ke3 a4 50. Nd4 f4+ 51. Ke4 Bxd4 52. Kxd4 a3 53. Kc3
Bf1 54. Bh5 Bxg2 55. h4 g6 56. Bxg6 Bxf3 57. Kb3 Be2 58. Kxa3 f3 59. Bh5 Ke5 0-1

[Event "European Rapid 2017"]
[Site "Katowice POL"]
[Date "2017.12.16"]
[Round "2.45"]
[White "Miezis, Normunds"]
[Black "Polyakov, Fedor"]
[Result "1-0"]
[WhiteTitle "GM"]
[WhiteElo "2434"]
[BlackElo "2051"]
[WhiteFideId "11600136"]
[BlackFideId "11602953"]
[EventDate "2017.12.16"]

1. c4 e5 2. Nc3 Bb4 3. g3 Bxc3 4. dxc3 Ne7 5. Bg2 O-O 6. Nf3 Nbc6 7. O-O d6 8.
e4 Be6 9. b3 Qd7 10. Ng5 Bg4 11. f3 Bh5 12. Qe1 h6 13. Nh3 f5 14. exf5 Qxf5 15.
g4 Bxg4 16. fxg4 Qxg4 17. Qg3 Qxg3 18. hxg3 Rxf1+ 19. Kxf1 Rf8+ 20. Kg1 Rf6 21.
Bd2 Rg6 22. Kh2 Nf5 23. Bd5+ Kh8 24. Rf1 Rf6 25. Rf2 Nd8 26. Be4 Ne7 27. Rxf6
gxf6 28. Bxh6 c6 29. Bf8 1-0

[Event "European Rapid 2017"]
[Site "Katowice POL"]
[Date "2017.12.16"]
[Round "2.46"]
[White "Widla, Piotr"]
[Black "Mikhalchishin, Adrian"]
[Result "0-1"]
[BlackTitle "GM"]
[WhiteElo "2046"]
[BlackElo "2479"]
[WhiteFideId "1132164"]
[BlackFideId "14602385"]
[EventDate "2017.12.16"]

1. e4 e5 2. Nf3 Nc6 3. d4 exd4 4. Bc4 Nf6 5. e5 Ne4 6. O-O Be7 7. Bd5 Nc5 8. c3
dxc3 9. Nxc3 O-O 10. Be3 Ne6 11. Qb3 f5 12. Rad1 Qe8 13. Nb5 Bd8 14. Bc5 Rf7 15.
Ba3 a5 16. Nbd4 Ra6 17. Nxe6 dxe6 18. Bc4 Rb6 19. Qc3 Nb4 20. Rd2 Rd7 21. Rfd1
Be7 22. Nd4 Kh8 23. Qg3 Qg6 24. Qxg6 hxg6 25. Bxe6 Rxe6 26. Nxe6 Rxd2 27. Rxd2
Bxe6 28. Bxb4 axb4 29. b3 c5 30. f4 b5 31. Kf2 c4 32. h3 Kg8 33. Kf3 Kf7 34. g4
Ke8 35. g5 cxb3 36. axb3 Bxb3 37. Rb2 Bc4 38. Ke3 b3 39. Kd4 Ba3 40. Rb1 b2 0-1

[Event "European Rapid 2017"]
[Site "Katowice POL"]
[Date "2017.12.16"]
[Round "2.47"]
[White "Stupak, Kirill"]
[Black "Malczyk, Radoslaw"]
[Result "1-0"]
[WhiteTitle "GM"]
[WhiteElo "2588"]
[BlackElo "2049"]
[WhiteFideId "13503758"]
[BlackFideId "1128574"]
[EventDate "2017.12.16"]

1. d4 Nf6 2. g3 e6 3. Bg2 c5 4. Nf3 Nc6 5. O-O cxd4 6. Nxd4 Be7 7. c4 O-O 8. Nc3
a6 9. Bf4 Nxd4 10. Qxd4 d6 11. Qd2 Qc7 12. Rac1 Rd8 13. Rfd1 e5 14. Be3 Be6 15.
Na4 Nd7 16. Qb4 Rab8 17. Nb6 Nc5 18. a4 a5 19. Qxa5 Nb3 20. Qc3 Nxc1 21. Rxc1 f5
22. a5 Bf6 23. b4 Rf8 24. Rd1 f4 25. gxf4 exf4 26. Bd4 Be5 27. Qf3 Rf6 28. Nd5
Bxd5 29. Qxd5+ Kh8 30. Ba7 Re8 31. Bb6 Qf7 32. Qxb7 Qxc4 33. Qc6 Qe6 34. Qd5 Qg4
35. Qf3 Qh4 36. b5 Rh6 37. h3 Rf6 38. a6 g5 39. a7 Rff8 40. Qg4 Qh6 41. Bf3 Qg6
42. Rd3 Qf7 43. Bd5 Qe7 44. Qf3 g4 45. hxg4 h5 46. a8=Q Rxa8 47. Bxa8 hxg4 48.
Qxg4 1-0

[Event "European Rapid 2017"]
[Site "Katowice POL"]
[Date "2017.12.16"]
[Round "2.48"]
[White "Swiatek, Bartosz"]
[Black "Tomczak, Jacek"]
[Result "0-1"]
[BlackTitle "GM"]
[WhiteElo "2022"]
[BlackElo "2588"]
[WhiteFideId "1116533"]
[BlackFideId "1124668"]
[EventDate "2017.12.16"]

1. e4 e6 2. d4 d5 3. e5 c5 4. c3 Nc6 5. a3 Qb6 6. Nf3 f6 7. b4 fxe5 8. dxe5 c4
9. a4 Bd7 10. Be2 g6 11. Bf4 Nh6 12. Na3 Ng4 13. O-O Bg7 14. a5 Qd8 15. Nb5 O-O
16. Qd2 Ngxe5 17. Nbd4 Nxf3+ 18. Nxf3 Qf6 19. Bd6 Qxc3 20. Qxc3 Bxc3 21. Rab1
Rfe8 22. Rfd1 Bf6 23. Bc5 Red8 24. g4 Be8 25. g5 Bg7 26. b5 Nxa5 27. Bd4 Nb3 28.
Bxg7 Kxg7 29. Nd4 Nxd4 30. Rxd4 e5 31. Rdd1 Bf7 32. Bg4 d4 33. Ra1 Bd5 34. Re1
Re8 35. b6 axb6 36. Rab1 Bc6 37. Rxb6 c3 38. Reb1 d3 39. R6b3 c2 40. Rf1 d2 41.
Rc3 c1=Q 42. Rcxc1 dxc1=Q 43. Rxc1 Ra2 44. Re1 Kf7 45. Be2 Rxe2 46. Rxe2 Ke6 47.
h4 Kf5 48. Kh2 Rd8 49. Re3 Rd4 50. Kg3 b5 51. Rc3 Rc4 52. Rd3 Rg4+ 53. Kh3 Rd4
54. Rc3 Rc4 55. Rd3 b4 56. Rd8 Rc3+ 57. Kh2 Kg4 58. Rb8 Rh3+ 0-1

[Event "European Rapid 2017"]
[Site "Katowice POL"]
[Date "2017.12.16"]
[Round "2.49"]
[White "Warakomski, Tomasz"]
[Black "Haase, Pavel"]
[Result "1-0"]
[WhiteTitle "GM"]
[WhiteElo "2537"]
[BlackElo "2195"]
[WhiteFideId "1124552"]
[BlackFideId "360392"]
[EventDate "2017.12.16"]

1. e4 c5 2. Nf3 d6 3. d4 cxd4 4. Nxd4 Nf6 5. Nc3 a6 6. f4 e6 7. Qf3 Qc7 8. g4
Be7 9. g5 Nfd7 10. Be3 Nc6 11. O-O-O b6 12. h4 Bb7 13. h5 Nc5 14. Kb1 O-O-O 15.
Nxc6 Qxc6 16. Bd4 Nxe4 17. Nxe4 Qxe4 18. Qxe4 Bxe4 19. Bxa6+ Kc7 20. Rh3 Rb8 21.
Rc3+ Kd7 22. Bb5+ Kd8 23. Bxg7 Rg8 24. Be5 Bd5 25. Bd4 Be4 26. a4 d5 27. Rc6 Bc5
28. Bf6+ Be7 29. Rd6+ 1-0

[Event "European Rapid 2017"]
[Site "Katowice POL"]
[Date "2017.12.16"]
[Round "2.50"]
[White "Welsh, Michael"]
[Black "Krejci, Jan2"]
[Result "1/2-1/2"]
[BlackTitle "GM"]
[WhiteElo "2038"]
[BlackElo "2570"]
[WhiteFideId "2501090"]
[BlackFideId "322156"]
[EventDate "2017.12.16"]

1. d4 Nf6 2. Bf4 e6 3. Nc3 Bb4 4. e3 Nd5 5. Qd3 b6 6. Ne2 Ba6 7. Qd2 Bxc3 8.
Nxc3 Nxf4 9. exf4 d5 10. Bxa6 Nxa6 11. O-O O-O 12. a3 c5 13. Ne2 Qf6 14. c3 Rac8
15. g3 Rc7 16. Rfe1 Rfc8 17. Rad1 g6 18. Nc1 h5 19. Qe2 Nb8 20. Qe5 Nd7 21. Qxf6
Nxf6 22. f3 Ne8 23. Ne2 Kg7 24. g4 Nf6 25. h3 a5 26. Kg2 b5 27. dxc5 Rxc5 28.
Nd4 Rb8 29. Rxe6 b4 30. axb4 axb4 31. Re7 Kf8 32. Re3 bxc3 33. bxc3 Rb2+ 34. Kg3
Rc8 35. f5 g5 36. h4 gxh4+ 37. Kxh4 hxg4 38. fxg4 Kg7 39. Nf3 Ne4 40. f6+ Kg6
41. Rxd5 Nxf6 42. Rg5+ Kh6 43. Rf5 1/2-1/2

[Event "European Rapid 2017"]
[Site "Katowice POL"]
[Date "2017.12.16"]
[Round "2.51"]
[White "Bosiocic, Marin"]
[Black "Qorri, Fatmir"]
[Result "1-0"]
[WhiteTitle "GM"]
[WhiteElo "2624"]
[BlackElo "2032"]
[WhiteFideId "14507927"]
[BlackFideId "4702107"]
[EventDate "2017.12.16"]

1. d4 Nf6 2. Bg5 e6 3. e4 Be7 4. Nd2 d6 5. Bd3 Nbd7 6. c3 e5 7. Ngf3 h6 8. Bh4
Nh5 9. Bxe7 Qxe7 10. g3 g6 11. O-O Ng7 12. Re1 Nf6 13. dxe5 dxe5 14. Nc4 Bg4 15.
Qa4+ Bd7 16. Qb3 Ng4 17. Qxb7 Qc5 18. Ne3 Nxe3 19. Qxa8+ Ke7 20. Qxh8 Ng4 21.
Rf1 Nh5 22. Rad1 Ngf6 23. Qxh6 Bg4 24. Qe3 Qa5 25. b4 Qa4 26. Qc5+ 1-0

[Event "European Rapid 2017"]
[Site "Katowice POL"]
[Date "2017.12.16"]
[Round "2.52"]
[White "Abozenko, Georg"]
[Black "Kantans, Toms"]
[Result "0-1"]
[BlackTitle "GM"]
[WhiteElo "2034"]
[BlackElo "2484"]
[WhiteFideId "4500210"]
[BlackFideId "11602945"]
[EventDate "2017.12.16"]

1. d4 Nf6 2. c4 g6 3. Nc3 d5 4. Nf3 Bg7 5. Bg5 Ne4 6. cxd5 Nxg5 7. Nxg5 O-O 8.
Nf3 c6 9. e3 cxd5 10. Qb3 e6 11. Bd3 Nc6 12. O-O Bd7 13. Rfc1 Qe7 14. Na4 b6 15.
Nc3 Na5 16. Qd1 Nc4 17. Qe2 Rfc8 18. e4 dxe4 19. Bxe4 Rab8 20. Bd3 Nd6 21. Ne5
Be8 22. Re1 b5 23. Ne4 Nxe4 24. Qxe4 Qd6 25. Nf3 Bc6 26. Qe3 Bxf3 27. Qxf3 Bxd4
28. Rab1 Rc5 29. Re2 Rbc8 30. g4 h5 31. h3 Kg7 32. Re4 hxg4 33. Rxg4 a6 34. Qe4
Rc1+ 35. Kg2 Rxb1 36. Bxb1 Bxb2 37. Qb7 Rc7 38. Qb8 Be5 39. Rh4 Kf6 40. Rh8 Qd5+ 0-1

[Event "European Rapid 2017"]
[Site "Katowice POL"]
[Date "2017.12.16"]
[Round "2.53"]
[White "Stocek, Jiri"]
[Black "Sanz Losada, Victoriano"]
[Result "1-0"]
[WhiteTitle "GM"]
[BlackTitle "CM"]
[WhiteElo "2566"]
[BlackElo "2050"]
[WhiteFideId "304760"]
[BlackFideId "2202808"]
[EventDate "2017.12.16"]

1. Nf3 Nf6 2. c4 g6 3. Nc3 Bg7 4. d4 d6 5. e4 O-O 6. Be3 c5 7. d5 b5 8. cxb5 a6
9. a4 axb5 10. Bxb5 Ba6 11. Nd2 Nbd7 12. h3 e6 13. Nc4 Bxb5 14. axb5 Rxa1 15.
Qxa1 Nxe4 16. Nxe4 exd5 17. Nexd6 dxc4 18. Nxc4 Qa8 19. Qxa8 Rxa8 20. Ke2 Kf8
21. Rd1 Ke7 22. Rxd7+ 1-0

[Event "European Rapid 2017"]
[Site "Katowice POL"]
[Date "2017.12.16"]
[Round "2.54"]
[White "Lintner, Igor"]
[Black "Moskalenko, Alexander"]
[Result "1/2-1/2"]
[BlackTitle "IM"]
[WhiteElo "2153"]
[BlackElo "2522"]
[WhiteFideId "14932970"]
[BlackFideId "4155351"]
[EventDate "2017.12.16"]

1. e4 e6 2. d4 d5 3. Nc3 Nf6 4. Bg5 Bb4 5. e5 h6 6. Bd2 Bxc3 7. bxc3 Ne4 8. Bd3
Nxd2 9. Qxd2 c5 10. Nf3 Qa5 11. c4 Qxd2+ 12. Kxd2 dxc4 13. Bxc4 cxd4 14. Nxd4
Bd7 15. Rab1 Nc6 16. Nf3 Na5 17. Bd3 Rc8 18. Nd4 Ke7 19. Rb4 b6 20. Re1 g5 21.
h3 Rhd8 22. Nb3 Nb7 23. h4 Nc5 24. hxg5 hxg5 25. Nxc5 Rxc5 26. Rg4 Rg8 27. f4
Ra5 28. Rh1 Rg7 29. a3 Rxa3 30. Rxg5 Rxg5 31. fxg5 Be8 32. Rh8 Ra5 33. g6 fxg6
34. Rh7+ Kf8 35. Rh8+ Ke7 36. Rh7+ Kf8 37. Rh8+ Kf7 38. Rh7+ Kg8 39. Rb7 Bc6 40.
Re7 Rxe5 41. Rxa7 Be4 42. Bxe4 Rxe4 43. Rb7 Rg4 44. Rxb6 Kf7 45. Kd3 Rxg2 46. c4
Rg1 47. Rb2 Rc1 48. Rf2+ Ke7 49. Rg2 Kf6 50. Rf2+ Ke5 51. Rg2 Kf6 52. Rf2+ Kg7
53. Re2 Rd1+ 54. Kc3 Kf7 55. Rf2+ Ke7 56. Rg2 Rc1+ 57. Kd3 Kf6 58. Rf2+ Kg5 59.
Rg2+ Kf5 60. Rf2+ Ke5 61. Re2+ Kf4 62. Rxe6 g5 63. Re4+ Kf3 64. Re3+ Kf4 65.
Re4+ Kf5 66. Re2 g4 67. Kd4 Rd1+ 68. Kc3 g3 69. Kb4 Rb1+ 70. Ka5 Kf4 71. c5 Kf3
72. Rc2 Ra1+ 73. Kb6 Rb1+ 74. Ka6 g2 75. Rxg2 Kxg2 76. c6 Ra1+ 77. Kb7 Rb1+ 78.
Ka7 Rc1 79. Kb7 Kf3 80. c7 Rb1+ 81. Ka7 Rc1 82. Kb7 Rxc7+ 83. Kxc7 1/2-1/2

[Event "European Rapid 2017"]
[Site "Katowice POL"]
[Date "2017.12.16"]
[Round "2.55"]
[White "Michalik, Peter"]
[Black "Goslawski, Michal"]
[Result "1-0"]
[WhiteTitle "GM"]
[WhiteElo "2557"]
[BlackElo "2132"]
[WhiteFideId "14907526"]
[BlackFideId "1171259"]
[EventDate "2017.12.16"]

1. e4 e5 2. Nf3 Nf6 3. Nxe5 d6 4. Nf3 Nxe4 5. Nc3 Nxc3 6. dxc3 Be7 7. Be3 Nc6 8.
Qd2 O-O 9. O-O-O Ne5 10. h4 c6 11. Be2 Qa5 12. Kb1 Be6 13. b3 Ng4 14. Nd4 Nxe3
15. Qxe3 Rfe8 16. Qd2 Bf8 17. h5 c5 18. Nxe6 Rxe6 19. Bc4 Ree8 20. g4 Qc7 21. g5
Kh8 22. Qf4 Re5 23. h6 g6 24. Qd2 Rae8 25. f4 Re3 26. Rhf1 Qe7 27. Bb5 Rd8 28.
Rde1 Rxe1+ 29. Rxe1 Qc7 30. Qd5 Kg8 31. f5 a6 32. Be8 b6 33. fxg6 hxg6 34. Bxf7+ 1-0

[Event "European Rapid 2017"]
[Site "Katowice POL"]
[Date "2017.12.16"]
[Round "2.56"]
[White "Psyk, Radoslaw"]
[Black "Laurusas, Tomas"]
[Result "0-1"]
[BlackTitle "IM"]
[WhiteElo "2222"]
[BlackElo "2423"]
[WhiteFideId "1182838"]
[BlackFideId "12803731"]
[EventDate "2017.12.16"]

1. e4 c5 2. Nf3 e6 3. d4 cxd4 4. Nxd4 a6 5. Bd3 Ne7 6. O-O Nbc6 7. Be3 Nxd4 8.
Bxd4 Nc6 9. Be3 Be7 10. f4 d6 11. Nc3 O-O 12. Qh5 g6 13. Qh3 Bf6 14. Kh1 Bd7 15.
Rae1 b5 16. e5 dxe5 17. fxe5 Bxe5 18. Bc5 f5 19. Bxf8 Qxf8 20. Rf2 Bg7 21. a4
Qc5 22. Rfe2 b4 23. Nd1 Nd4 24. Rd2 Bxa4 25. b3 Bc6 26. Bc4 Kh8 27. Nf2 e5 28.
Nd3 Qd6 29. Nxb4 Qxb4 30. c3 Qa5 31. b4 Qb6 32. cxd4 Qxb4 33. Qd3 exd4 34. Rb1
Qc3 35. Rc2 Qxd3 36. Bxd3 Be4 37. Rb3 a5 38. Re2 a4 39. Ra3 Bf8 40. Bxe4 fxe4
41. Ra1 e3 42. Kg1 d3 43. Rea2 Bb4 44. Rb1 e2 45. Raa1 0-1

[Event "European Rapid 2017"]
[Site "Katowice POL"]
[Date "2017.12.16"]
[Round "2.58"]
[White "Orndahl, Mats"]
[Black "Olszewski, Michal"]
[Result "0-1"]
[BlackTitle "GM"]
[WhiteElo "2160"]
[BlackElo "2540"]
[WhiteFideId "1708988"]
[BlackFideId "1121251"]
[EventDate "2017.12.16"]

1. d4 Nf6 2. Bf4 g6 3. e3 Bg7 4. Nf3 O-O 5. Be2 d6 6. h3 Nbd7 7. O-O b6 8. a4 a5
9. Bh2 Bb7 10. Na3 Ne4 11. c3 e6 12. Nb5 f5 13. Qb3 Re8 14. Rfd1 Ndf6 15. Nd2
Nxd2 16. Rxd2 g5 17. f3 f4 18. exf4 gxf4 19. Bxf4 Nd5 20. Bh2 Qg5 21. f4 Nxf4 0-1

[Event "European Rapid 2017"]
[Site "Katowice POL"]
[Date "2017.12.16"]
[Round "2.59"]
[White "Mohr, Georg"]
[Black "Kanakova, Natalie"]
[Result "1-0"]
[WhiteTitle "GM"]
[BlackTitle "WFM"]
[WhiteElo "2473"]
[BlackElo "2238"]
[WhiteFideId "14600013"]
[BlackFideId "350486"]
[EventDate "2017.12.16"]

1. e4 c5 2. Nf3 g6 3. d4 cxd4 4. Qxd4 Nf6 5. Nc3 Nc6 6. Qa4 Bg7 7. e5 Ng8 8. Bf4
f6 9. exf6 Nxf6 10. Bc4 Qa5 11. O-O-O Qxa4 12. Nxa4 Na5 13. Bd3 O-O 14. Rhe1 d6
15. h3 Bd7 16. Nc3 e5 17. Bd2 a6 18. Ne4 Nxe4 19. Bxe4 Nc6 20. Bg5 h6 21. Rxd6
Bf5 22. Bxf5 Rxf5 23. Be3 e4 24. Nd2 Rb5 25. c3 Rc8 26. Nxe4 Ne5 27. Rd2 Nc4 28.
Nd6 Nxd2 29. Bxd2 Rbc5 30. Nxc8 Rxc8 31. Re7 b5 32. Re6 b4 33. Rxg6 Kf7 34. Rxa6
bxc3 35. Bxc3 1-0

[Event "European Rapid 2017"]
[Site "Katowice POL"]
[Date "2017.12.16"]
[Round "2.60"]
[White "Smal, Tobiasz"]
[Black "Ladva, Ottomar"]
[Result "1/2-1/2"]
[BlackTitle "GM"]
[WhiteElo "1958"]
[BlackElo "2522"]
[WhiteFideId "1158279"]
[BlackFideId "4500024"]
[EventDate "2017.12.16"]

1. c4 e6 2. Nc3 d5 3. d4 a6 4. cxd5 exd5 5. Nf3 Nf6 6. Bg5 Be6 7. e3 Nbd7 8. Bd3
h6 9. Bh4 g5 10. Bg3 Nh5 11. Qb3 Nxg3 12. hxg3 b5 13. O-O Bd6 14. Qc2 O-O 15. e4
dxe4 16. Bxe4 Rb8 17. d5 Bg4 18. Nd4 Qf6 19. Nf5 Bxf5 20. Bxf5 Nc5 21. b4 Be5
22. bxc5 Bxc3 23. Rac1 b4 24. Bd3 a5 25. Qb3 Qd4 26. Qc4 Rbd8 27. Rfd1 Kg7 28.
Qxd4+ Bxd4 29. Be4 Bc3 30. g4 h5 31. gxh5 f5 32. Bc2 Kh6 33. d6 cxd6 34. Rxd6+
Kxh5 35. Bxf5 Rxf5 36. Rxd8 Rxc5 37. Rd6 a4 38. g3 a3 39. Kg2 Kg4 40. Rf6 Bxf6
41. Rxc5 b3 42. axb3 a2 43. Ra5 a1=Q 44. Rxa1 Bxa1 45. f4 gxf4 46. gxf4 Kxf4 1/2-1/2

[Event "European Rapid 2017"]
[Site "Katowice POL"]
[Date "2017.12.16"]
[Round "2.61"]
[White "Castellanos Rodriguez, Renier"]
[Black "Babanin, Gleb"]
[Result "1-0"]
[WhiteTitle "IM"]
[WhiteElo "2501"]
[BlackElo "2094"]
[WhiteFideId "3404650"]
[BlackFideId "34152536"]
[EventDate "2017.12.16"]

1. Nf3 d5 2. e3 c5 3. c4 d4 4. exd4 cxd4 5. d3 Nc6 6. g3 e5 7. Bg2 Bb4+ 8. Nfd2
Nf6 9. O-O O-O 10. a3 Be7 11. b4 Bf5 12. Qe2 Qc7 13. Re1 Rae8 14. Nb3 a5 15. b5
Nb8 16. a4 Nbd7 17. N1d2 Nc5 18. Nxc5 Bxc5 19. Nb3 Bb4 20. Bd2 e4 21. Bxb4 axb4
22. Nxd4 exd3 23. Qd2 Qc5 24. Nxf5 Qxf5 25. Bxb7 Ng4 26. a5 Ne5 27. Qxb4 Rd8 28.
Rad1 Qg4 29. f4 Nf3+ 30. Bxf3 Qxf3 31. Qd2 h5 32. Re3 Qa8 33. a6 Qa7 34. Qf2 Qc7
35. c5 Qxc5 36. Rexd3 Rxd3 37. Qxc5 Rxd1+ 38. Kg2 Re8 39. Qxh5 Rd2+ 40. Kh3 g6
41. Qh6 Ree2 42. Kg4 Ra2 43. Qh4 Kg7 44. Qd8 Rxh2 45. Qd4+ f6 46. a7 Kh6 47.
Qxf6 Rxa7 48. b6 Rg7 49. Qc6 Kh7 50. Qc3 Re2 51. Qc6 Ree7 52. Kg5 Ref7 53. g4
Re7 54. Qd5 Rd7 55. Qh1+ Kg8 56. Qa8+ Kh7 57. Qg2 Rb7 58. Qb2 Rbd7 59. Qh2+ Kg8
60. Qa2+ Kh7 61. Qb3 Rde7 62. Kf6 Kh8 63. Qh3+ Kg8 64. Qb3+ Kh8 65. Qd5 Kh7 66.
Kg5 Rd7 67. Qb3 Rb7 68. Qb1 Kh8 69. Kh6 Rbd7 70. Qb2 Kg8 71. Qb3+ Kf8 72. Qc3
Rh7+ 73. Kxg6 Rdg7+ 74. Kf5 Rf7+ 75. Ke5 Re7+ 76. Kd5 Rh1 77. Qf6+ Ke8 78. Kc6
Rc1+ 79. Kb5 Kd7 80. Qf5+ Re6 81. b7 Rc3 82. Kb4 1-0

[Event "European Rapid 2017"]
[Site "Katowice POL"]
[Date "2017.12.16"]
[Round "2.62"]
[White "Castillo Martinez, Eloi"]
[Black "Arnaudov, G. Petar"]
[Result "0-1"]
[BlackTitle "GM"]
[WhiteElo "2029"]
[BlackElo "2439"]
[WhiteFideId "22258663"]
[BlackFideId "2907127"]
[EventDate "2017.12.16"]

1. c4 Nf6 2. g3 e6 3. Bg2 d5 4. Nf3 d4 5. d3 c5 6. e4 Nc6 7. e5 Nd7 8. Qe2 Qc7
9. Bf4 h6 10. h4 g6 11. O-O Be7 12. Re1 b6 13. Nbd2 Bb7 14. a3 a5 15. Rac1 O-O-O
16. b4 axb4 17. axb4 Nxb4 18. Ne4 Rdg8 19. Ra1 Bc6 20. Ra3 Qb7 21. Rea1 Kb8 22.
Nf6 Rd8 23. Ne1 Bxg2 24. Nxg2 g5 25. hxg5 hxg5 26. Bxg5 Rh3 27. Qg4 Rhh8 28. Qe4
Qxe4 29. Nxe4 Bxg5 30. Nxg5 Rhf8 31. f4 Kc7 32. Ne4 Kc6 33. Ra7 Nxd3 34. Nd6 f6
35. Nb5 Rc8 36. R7a3 Nb4 37. Na7+ Kb7 38. Nxc8 Rxc8 39. exf6 Nxf6 40. Ne1 Kc6
41. Nd3 Nxd3 42. Rxd3 Ng4 43. Kg2 e5 44. fxe5 Nxe5 45. Rdd1 Nxc4 46. Rh1 Rf8 47.
Rh6+ Kd5 48. Re1 Ne3+ 49. Kh3 b5 50. Rh5+ Ke4 51. Kh2 Rf5 52. Rxf5 Kxf5 53. Rb1
b4 54. Kg1 Ke4 55. Kf2 Kd3 56. Rc1 c4 57. Kf3 b3 58. g4 b2 59. Rb1 c3 0-1

[Event "European Rapid 2017"]
[Site "Katowice POL"]
[Date "2017.12.16"]
[Round "2.63"]
[White "Rausis, Igors"]
[Black "Shirshov, Nikolay"]
[Result "1-0"]
[WhiteTitle "GM"]
[WhiteElo "2632"]
[BlackElo "2197"]
[WhiteFideId "11600098"]
[BlackFideId "34126454"]
[EventDate "2017.12.16"]

1. Nf3 c5 2. g3 Nc6 3. d4 cxd4 4. Nxd4 g6 5. Bg2 Bg7 6. Nxc6 bxc6 7. c4 Nf6 8.
Nc3 O-O 9. O-O Rb8 10. Qc2 Qc7 11. Bf4 e5 12. Bg5 d6 13. Rac1 Bf5 14. Qd2 Rfd8
15. Rfd1 Rd7 16. b3 Re8 17. h3 Qb7 18. b4 Qxb4 19. Bxf6 Bxf6 20. Ne4 1-0

[Event "European Rapid 2017"]
[Site "Katowice POL"]
[Date "2017.12.16"]
[Round "2.64"]
[White "Linik, Yaron"]
[Black "Klekowski, Maciej"]
[Result "0-1"]
[BlackTitle "IM"]
[WhiteElo "2119"]
[BlackElo "2498"]
[WhiteFideId "2805995"]
[BlackFideId "1132717"]
[EventDate "2017.12.16"]

1. e4 c5 2. c3 Nf6 3. e5 Nd5 4. d4 cxd4 5. Nf3 Nc6 6. cxd4 e6 7. Nc3 Nxc3 8.
bxc3 d6 9. exd6 Bxd6 10. Bd3 O-O 11. O-O h6 12. Qe2 Bd7 13. Rb1 b6 14. Ne5 Bxe5
15. dxe5 Ne7 16. Ba3 Re8 17. Qe4 Ng6 18. f4 Bc6 19. Qe2 Nh4 20. g3 Nf5 21. Bxf5
exf5 22. Rbd1 Qc8 23. Rd6 Bb7 24. Qd3 Ba6 25. Qd5 Bxf1 26. Kxf1 Qa6+ 0-1